| 000 | 01486nam0a22002651 4500 | ||
|---|---|---|---|
| 001 | rc\2700440 | ||
| 005 | 20260407055025.0 | ||
| 035 | _a(NLR Aleph) 006828574 | ||
| 090 |
_a6520209 _c6520209 |
||
| 100 | _a20110915d1934 |||y0rusy50 ca | ||
| 101 | 0 | _arus | |
| 102 | _aRU | ||
| 105 | _ay z ||||| | ||
| 200 | 1 |
_aСчетоводство и отчетность по простой системе в учреждениях Ленинградского городского отдела народного образования _eПрактич. руководство _fСост. глав. бухгалтером Лен. гор. ОНО К. Д. Коломийцевым в развитие "Инструкции НКФ СССР по счетоводству и отчетности для низовых распорядителей кредитов и в соответствии с действующими законоположениями |
|
| 210 |
_aЛенинград _cГор. отд. нар. образ. _d1934 _gтип. им. Котлякова |
||
| 215 |
_aОбл., 73 с. _d24х17 см. |
||
| 333 | _aНа правах рукописи | ||
| 702 | 1 |
_aКоломийцев _bК.Д. _4220 |
|
| 710 | 0 | 2 |
_aЛенинградский губернский отдел народного образования _3RU\NLR\AUTH\8810025471 _9549180 |
| 801 | 0 |
_aRU _bNLR _gpsbo |
|
| 801 | 1 |
_aRU _bELAR _2rusmarc |
|
| 852 |
_aNLR _j34-11/2970 |
||
| 942 | _cBOOK | ||
| 980 | _aNB | ||